Spracovanie katastra rizík vo vybranej prevádzke Sony Slovakia Trnava : Diplomová práca

Enregistré dans:
Détails bibliographiques
Auteur principal: Kolesárová, Silvia (Auteur)
Autres auteurs: Sabo, Milan, 1939- (xxx)
Format: Manuscrit Livre
Langue:slovaque
Publié: Trnava : STU v Bratislave MtF KPE, 2000
Sujets:
Tags: Ajouter un tag
Pas de tags, Soyez le premier à ajouter un tag!

MARC

LEADER 00000ntm a22000003a 4500
001 stu85708
005 20160719154815.8
008 040407s2000----xo------------------slo-d
040 |a STU  |b slo 
041 0 |a slo 
044 |a xo 
100 1 |a Kolesárová, Silvia  |4 aut 
245 1 |a Spracovanie katastra rizík vo vybranej prevádzke Sony Slovakia Trnava :  |b Diplomová práca 
260 |a Trnava :  |b STU v Bratislave MtF KPE,  |c 2000 
300 |a 66 s  |c príl 
650 7 |a inžinierstvo životného prostredia  |2 stusub 
650 7 |a priemyselná ekológia  |2 stusub 
700 1 |a Sabo, Milan,  |d 1939-  |4 xxx  |u M390  |U MTF Materiálovotechnologická fakulta  |T MTF Katedra environmentálneho a bezpečnostného inžinierstva  |X 203  |U M390  |Y 177  |7 A000000203